Battlestar Colonies Quiz Stats

 Plays Quiz Updated Mar 10, 2020

     
Support Sporcle.
Go Orange.
Score 0/12 Timer 03:00
0 Plays Today
Colony % Correct
Caprica
95.8%
Tauron
60.9%
Picon
54.9%
Gemenon
41.9%
Virgon
41.7%
Sagittaron
38.8%
Aquaria
38.1%
Canceron
37.5%
Aerilon
27.5%
Scorpia
27.1%
Libran
26.5%
Leonis
19.8%

From the Vault

Famous British Ships

by Cortez

History 5m
We wonder how many mermaids the sailors on these ships have seen.
Remove Ads.
Support Sporcle.
Get the best of Sporcle when you Go Orange. This ad-free experience offers more features, more stats, and more fun while also helping to support Sporcle. Thank you for becoming a member.

Show Comments

Extras

Top Quizzes Today


Score Distribution

Your Account Isn't Verified!

In order to create a playlist on Sporcle, you need to verify the email address you used during registration. Go to your Sporcle Settings to finish the process.

Report this User

Report this user for behavior that violates our Community Guidelines.

Details: